000 00843nam a2200229 i 4500
001 9118
003 ES-MaACL
005 20230906145616.0
007 t|
008 930518s1981 sp ||||1| spa d
020 _a84-300-5059-0
080 _a355.292.4(46)"1936/39"
100 1 _aVega, Pedro.
_9113578
245 1 0 _aHistoria de la Liga de Mutilados /
_cPedro Vega ; portada e ilustraciones, Cecilio Sánchez.
260 _aMadrid :
_bLiga de Mutilados e Inválidos de la Guerra de España,
_c1981.
300 _a190 p. :
_bil. ;
_c21 cm.
610 2 _aFederación Española Liga de Mutilados.
_95532
650 4 _aMilitares inválidos-
_zEspaña-
_y1936-1939.
_9174658
700 1 _aSánchez, Cecilio.
_9102350
710 2 _aFederación Española Liga de Mutilados.
_95532
852 4 _aES-MaACL
_jL-16589
_z- Dedicatoria autógrafa del autor
999 _c9118
_d9118